BIBLIOTECA

SENCICO

El laberinto de la ciudad : Políticas urbanas del estado 1950-1979 (Registro nro. 2113)

Detalles MARC
000 -LEADER
fixed length control field 00869nam a2200193Ia 4500
005 - DATE AND TIME OF LATEST TRANSACTION
control field 20251020182532.0
008 - FIXED-LENGTH DATA ELEMENTS--GENERAL INFORMATION
fixed length control field 200515s9999 xx 000 0 und d
082 ## - DEWEY DECIMAL CLASSIFICATION NUMBER
Classification number 711.42/S21
100 ## - MAIN ENTRY--PERSONAL NAME
Personal name SANCHEZ LEON, Abelardo CALDERÓN COCKBURN, Julio
245 #0 - TITLE STATEMENT
Title El laberinto de la ciudad : Políticas urbanas del estado 1950-1979
250 ## - EDITION STATEMENT
Edition statement 2a ed.
260 ## - PUBLICATION, DISTRIBUTION, ETC.
Place of publication, distribution, etc. Lima
260 ## - PUBLICATION, DISTRIBUTION, ETC.
Date of publication, distribution, etc. 1987
500 ## - GENERAL NOTE
General note de ese modo, se convierte en un instrumento importante para el análisis y la evaluación de lo ocurrido en relación al problema de la vivienda, la dotación de los servicios básicos
520 ## - SUMMARY, ETC.
Summary, etc. Se analizan, especialmente, las principales políticas del Estado en relación al problema del crecimiento de Lima desde el régimen del general Odría hasta fines del último gobierno militar
650 ## - SUBJECT ADDED ENTRY--TOPICAL TERM
Topical term or geographic name entry element LIB
650 ## - SUBJECT ADDED ENTRY--TOPICAL TERM
Topical term or geographic name entry element PROBLEMATICA HABITACIONAL
942 ## - ADDED ENTRY ELEMENTS (KOHA)
Koha item type Libros
Existencias
Fecha de la última vez que lo usaron Pago total Signatura topográfica completa Código de barras Precio efectivo desde Tipo de documento Estado perdido Estado dañado No es para préstamo Retirado Ubicación permanente Ubicación actual Fecha de adquisición
15/05/2020   711.42/S21 Bib-Lima15052113 15/05/2020 Libros         Biblioteca Central Lima Biblioteca Central Lima 15/05/2020